Dojo: magic and exorcism in modern Japan

Gorde:
Xehetasun bibliografikoak
Egile nagusia: Davis, Winston (Egilea)
Formatua: Liburua
Hizkuntza:ingelesa
Argitaratua: Stanford Stanford University 1980
Gaiak:
Etiketak: Etiketa erantsi
Etiketarik gabe, Izan zaitez lehena erregistro honi etiketa jartzen!

MARC

LEADER 00000nam a2200000 a 4500
001 UCX3711
003 CL-VaPUC
008 911204e19800000US |||||||||||||||||eng|d
082 0 4 |a 299.56  |b DAV  |2 21 
100 0 |a Davis, Winston  |e author  |9 319893 
245 1 0 |a Dojo: magic and exorcism in modern Japan 
300 |a 332 p 
942 |c BK 
945 |d 19911204 00:00:00 
260 |a Stanford  |b Stanford University  |c 1980 
650 7 |a MAGIA  |2 CL-VaPUC  |9 319651 
650 0 |a Exorcismo  |9 319894 
583 |a last modification  |c 19911204 00:00:00  |k Rodrigo Vera 
999 |c 224391  |d 224389 
952 |0 0  |1 0  |4 0  |6 299_560000000000000_DAV_1980  |7 0  |8 A  |9 220983  |a BIBGIM  |b BIBGIM  |d 2019-11-15  |i 2897423  |l 1  |o 299.56 DAV 1980  |p 2897423  |r 2025-01-15  |s 2022-05-25  |w 2019-11-15  |y BK  |k ORI